000 00629nam a2200217Ii 4500
003 JO-AjNU
008 230606s9999||||xx |||||||||||||| ||und||
020 _a978-0-13-206119-3/0-13-206119-8
040 _aJO-AjNU
_beng
_erda
_cJO-AjNU
041 _aeng
050 1 4 _aTA684.S24.2009
100 3 _aSalmon, Charles/John johnson,
_eauthor
_94889
245 0 0 _aSteel Structures (Design and Behavior)
250 _a5 ed
264 3 1 _aNew Jersy:pearson,2009
300 _a872p
336 _atext
_btxt
_2rdacontent
337 _aunmediated
_bn
_2rdamedia
338 _avolume
_bnc
_2rdacarrier
650 4 _aSteel Structures
_94890
999 _aE2530
_c2528
_d2528